000 01369nam a22003497a 4500
003 CHAP
005 20220329143431.0
008 090714s2009 mx r 00010 spa d
010 _a96525
011 _a97497
035 _a108165
040 _cCHAP
090 _aTesis
100 1 _aMartínez Bolaños, Maria Violeta Paloma.
_971869
245 1 0 _aCompatibilidad de fungicidas y antibióticos con un aislamiento del hongo antagonista Trichoderma harzianum Rifai (Hypocreales: Hypocreaceae) in vitro
_c/por Maria Violeta Paloma Martínez Bolaños
260 _aChapingo, Méx. :
_bEl autor,
_c2009
300 _axi, 71 h. :
_bcuadros, ilus.
502 _aTesis (Ing. agr. Esp. en Parasitologia Agricola) - UACH. Departamento de Parasitología Agrícola
590 _aALEPH
_b10
_c20130110
_lUCH01
_h1529
590 _aBATCH-UPD
_b10
_c20130110
_lUCH01
_h1359
590 _aBATCH-UPD
_b10
_c20130410
_lUCH01
_h0851
590 _aBATCH-UPD
_b10
_c20130914
_lUCH01
_h1451
590 _aCONVERSION
_b10
_c20130109
_lUCH01
_h1353
650 1 4 _aAntibioticos.
_96046
650 1 4 _aFungicidas.
_944044
650 1 4 _aHongos.
_956084
650 1 4 _aTrichoderma harzianum.
_9114924
901 _aBK
942 _cFOLL
949 _aTesis
_bBC
_cTES
_d33724002101280
_eTS1
_gDonaciØn
_h49398
_i108165
_sb
949 _aTesis
_bBC
_cTES
_d33724002101322
_eTS2
_fc.2
_gDonaciØn
_h49399
_i108165
_sb
999 _c96525
_d96525